La China de Mao: del mito a Tiananmen
Gorde:
| Egile nagusia: | |
|---|---|
| Formatua: | Liburua |
| Hizkuntza: | gaztelania |
| Argitaratua: |
Madrid
Anaya
2016
|
| Edizioa: | 2a. ed |
| Saila: | Biblioteca Básica Historia
|
| Gaiak: | |
| Etiketak: |
Etiketa erantsi
Etiketarik gabe, Izan zaitez lehena erregistro honi etiketa jartzen!
|
MARC
| LEADER | 00000cam a2200000 a 4500 | ||
|---|---|---|---|
| 001 | UCC0396 | ||
| 003 | CL-VaPUC | ||
| 008 | 170811e20160000sp |||||||||||||||||spa|d | ||
| 020 | |a 9788467840933 | ||
| 082 | 0 | 4 | |a 951.04 |b BOL |2 21 |
| 100 | 0 | |a Bolinaga Irasuegui, Iñigo |e author |9 594348 | |
| 245 | 1 | 3 | |a La China de Mao: del mito a Tiananmen |
| 250 | |a 2a. ed | ||
| 300 | |a 117 p | ||
| 942 | |c BK | ||
| 945 | |d 20170811 15:21:00 |a dcastane | ||
| 260 | |a Madrid |b Anaya |c 2016 | ||
| 650 | 0 | |a Historia de China |9 434737 | |
| 583 | |a last modification |c 20170811 15:21:00 |k Rodrigo Vera | ||
| 490 | 0 | |a Biblioteca Básica Historia | |
| 999 | |c 369247 |d 369245 | ||